000 00703nam a2200241Ia 4500
003 OSt
005 20220925204855.0
006 a|||||r|||| 00| 0
007 ta
008 220923b |||||||| |||| 00| 0 eng d
037 _cGeneral Book
040 _aRTL
_cRTL
_beng
041 _2eng
_aeng
082 _aXv53.N, L3
100 _aGruner Shirley M
_9269168
245 0 _aEconomic materialism and social moralsim
260 _aHague
_bMonton
_c1973
300 _a213p
_ccm.
490 _aStudies in the social sciences. Ed. by CAO Van Nieuwen huijze 2
500 _aBibliography p197-207
942 _hXv53.N, L3
_cGB
_2CC
999 _c550632
_d550632